2017 UN Security Council Non-Permanent Members - Statistics

General Stats
  • This quiz has been taken 6 times
  • The average score is 3 of 10
Answer Stats
End of term Country % Correct
2017 Japan
83%
2017 Egypt
50%
2018 Sweden
33%
2018 Bolivia
17%
2018 Ethiopia
17%
2018 Italy
17%
2017 Ukraine
17%
2017 Uruguay
17%
2018 Kazakhstan
0%
2017 Senegal
0%
No matching quizzes found
Score Distribution
Percent of People with Each Score
Percentile by Number Answered
Your Score History
You have not taken this quiz